Á lódáil...

Management in co-operative rice mills

Sonraí Bibleagrafaíochta
Príomhúdar: Mathur,D P
Údair Eile: Gupta, V K
Formáid: Printed Book
Teanga:Undetermined
Foilsithe: Ahmedabad Indian institute of management 1982
LEADER 00551nam a2200145Ia 4500
008 161229s9999 xx 000 0 und d
082 |a 334.68 MAT/MA 
100 |a Mathur,D P 
245 |a Management in co-operative rice mills 
260 |b Indian institute of management  |a Ahmedabad  |c 1982 
300 |a ix, 129 
700 |a Gupta, V K 
942 |c BK 
999 |c 152480  |d 152480 
952 |0 0  |1 0  |4 0  |6 334_680000000000000_MATMA  |7 0  |9 151543  |a KAUCLV  |b KAUCLV  |d 2016-12-29  |g 67.00  |o 334.68 MAT/MA  |p 903789  |r 2016-12-29  |w 2016-12-29  |y BK  |z Book transferred from CCBM Library ,Acc.No:459